000 00547nam a22001937a 4500
003 NUST - PNEC
005 20170116180822.0
008 150622b xxu||||| |||| 00| 0 eng d
020 _a0072472278
040 _cLIBRARY
082 _a519.6 BEY
100 _94147
_aBevington, philip R.
245 _aData reduction and error analysis for the physical sciences
_cPhilip R. Bevington
250 _a3rd ed
260 _aNew york
_bMcGraw Hill
_cc2003.
300 _a320 p. :
650 _94149
_aMultivariate analysis
_xGeneral
942 _2ddc
_cBK
999 _c63757
_d63757